00886nam a2200205 a 450000100100000000500170001000800410002704000250006808200160009310000420010924500140015126000860016530000200025150400290027104900090030095201200030995201140042995201200054399900170066300003216220200930063501.0110713s1998 dr 000 0 spa d aDO-SdBNPbspacBNPHU axxxxbC334l1 aForestieri S., Rolando,d1944-95826110aLeonardo. aSanto Domingo :bCasa de Italia :bInstituto Cultural Domínico Italiano,c1998. a13 p. ;c21 cm. aBibliografía : [p. 14] aBNPD 0010718DSaGRbGRcCTd2011-07-13iLF1l0oxxxx C334lp32162-30r2020-06-25te. 3w2020-06-25yLFDSZNo se presta 0010718PDaPDbPDcCTd2011-07-13iLF1l0oxxxx C334lp32162-10r2020-06-25w2020-06-25yLFPDZNo se presta 0010718PDaPDbPDcCTd2011-07-13iLF1l0oxxxx C334lp32162-20r2020-06-25te. 2w2020-06-25yLFPDZNo se presta c31653d31653